01169nam a2200265 a 4500001001000000005001700010041000800027044000800035084002000043100004500063245013100108250000600239260005000245300001700295500017200312500010800484500001100592546002400603650005200627650005600679650003400735650004500769700003900814740005000853BRCA_342120190320204256.0 aeng anyu a710b.H57c19321 aCervantes Saavedra, Miguel ded1547-161610aThe Visionary Gentleman Don Quixote de la ManchacBy Miguel de Cervantes Saavedra ; Translated into English by Robinson Smith. a3 aNueva YorkbHispanic Society of Americac1932 a2 v.c24 cm. aContenido : v.1. Primera parte. Prefacio y vida de Cervantes por Robinson Smith. Prólogo del autor. -- v.2. Segunda parte. Prólogo del autor. Fuentes y apéndices aEjemplar por completo igual al anterior. Semipiel; lomos adornados con filetes dorados Lúdovik Osterc aQMB118 aTexto en : inglés14aNovela españolayÉpoca clásica, 1500-170014aLiteratura españolayÉpoca clásica, 1500-170014aNovela españolaySiglo XVII14aDon Quijote (Personaje ficticio)eNovela1 aSmith, Robinsond1876-?eTraductor0 aEl Ingenioso Hidalgo Don Quijote de la Mancha